[Event "GRE-ch U16 Girls"]
[Site "Thessaloniki"]
[Date "2022.08.21"]
[Round "6"]
[White "Papadokonstantaki, Aikaterini"]
[Black "Paroglou, Marianna"]
[Result "1-0"]
[WhiteElo "1324"]
[BlackElo "1317"]
[PlyCount "91"]
[EventDate "2022.08.18"]
[EventType "swiss"]
[EventRounds "9"]
[EventCountry "GRE"]
[SourceTitle "EXT 2024"]
[Source "ChessBase"]
[SourceDate "2023.10.10"]
[SourceVersion "1"]
[SourceVersionDate "2023.10.10"]
[SourceQuality "1"]

1. c4 Nf6 2. d4 e6 3. Nf3 d5 4. g3 a6 5. Bg2 dxc4 6. Ne5 Be7 7. 0-0 0-0 8. Nxc4 Nc6 9. e3 Rb8 10. Nc3 Qd7 11. d5 exd5 12. Nxd5 Nxd5 13. Qxd5 Qxd5 14. Bxd5 Nb4 15. Bg2 Be6 16. Na5 Nc2 17. Bd2 Nxa1 18. Rxa1 c6 19. b3 Bf6 20. Rc1 Rfd8 21. Be1 Rd7 22. f4 Rd3 23. Kf2 Bd8 24. Ke2 Rd7 25. h3 f5 26. Nc4 Bxc4+ 27. Rxc4 Be7 28. g4 g6 29. gxf5 gxf5 30. h4 c5 31. Bh3 Rd5 32. e4 fxe4 33. Be6+ Kg7 34. Bxd5 b5 35. Rxe4 Bd6 36. Kf3 Rf8 37. Kg4 Rd8 38. Bc3+ Kf8 39. Bb7 b4 40. Be5 Be7 41. Bxa6 Ra8 42. Bc4 Rxa2 43. Bg7+ Kxg7 44. Rxe7+ Kf6 45. Rxh7 Kg6 46. Rc7 1-0

[Event "GRE-ch U16 Girls"]
[Site "Thessaloniki"]
[Date "2022.08.18"]
[Round "1"]
[White "Paroglou, Marianna"]
[Black "Kratimenou, Georgia"]
[Result "0-1"]
[WhiteElo "1317"]
[BlackElo "1494"]
[PlyCount "96"]
[EventDate "2022.08.18"]
[EventType "swiss"]
[EventRounds "9"]
[EventCountry "GRE"]
[SourceTitle "EXT 2024"]
[Source "ChessBase"]
[SourceDate "2023.10.10"]
[SourceVersion "1"]
[SourceVersionDate "2023.10.10"]
[SourceQuality "1"]

1. e4 c5 2. Nf3 d6 3. c3 a6 4. h3 Nf6 5. Bd3 g6 6. Bc2 Bg7 7. d4 cxd4 8. cxd4 0-0 9. 0-0 Nc6 10. a3 b6 11. d5 Nb8 12. Nc3 Bb7 13. Be3 Nbd7 14. Qd2 Re8 15. Rac1 b5 16. b3 Rc8 17. Rfe1 Nb6 18. Na2 Nfd7 19. Bd4 Rc7 20. Bxg7 Kxg7 21. Nd4 Nc5 22. Nb4 Qd7 23. Nbc6 Bxc6 24. Nxc6 Qc8 25. Re3 e6 26. Qd4+ Kg8 27. Nb4 a5 28. dxe6 axb4 29. axb4 Nxe6 30. Qxb6 Rxc2 31. Rxc2 Qxc2 32. Qxb5 Rd8 33. Qb7 Qd1+ 34. Kh2 Qd2 35. Rf3 Rf8 36. Qb6 Ng5 37. Rg3 Nxe4 38. Rf3 Ng5 39. Rf6 Ne6 40. Qb7 Qc3 41. Rf3 Qc7 42. Qd5 Rb8 43. b5 Qc5 44. Qc6 Qe5+ 45. Rg3 Rxb5 46. f4 Nxf4 47. Qc8+ Kg7 48. Qd7 Ne2 0-1

[Event "GRE-chT 48th"]
[Site "Athens"]
[Date "2021.09.10"]
[Round "5.7"]
[White "Paroglou, Marianna"]
[Black "Sarantou, Ioanna"]
[Result "1-0"]
[WhiteElo "1454"]
[BlackElo "1020"]
[PlyCount "45"]
[EventDate "2021.09.07"]
[EventType "team-swiss"]
[EventRounds "7"]
[EventCountry "GRE"]
[SourceTitle "CBM 204 Extra"]
[Source "ChessBase"]
[SourceDate "2021.11.30"]
[SourceVersion "1"]
[SourceVersionDate "2021.11.30"]
[SourceQuality "1"]
[WhiteTeam "Papagou"]
[BlackTeam "Ykaryas"]
[WhiteTeamCountry "GRE"]
[BlackTeamCountry "GRE"]

1. e4 e6 2. d4 d5 3. Nd2 dxe4 4. Nxe4 Nc6 5. Nf3 Be7 6. c3 Nf6 7. Nxf6+ Bxf6 8. Bf4 0-0 9. Bd3 Re8 10. Qe2 Qe7 11. 0-0-0 e5 12. dxe5 Nxe5 13. Bb5 c6 14. Nxe5 Bxe5 15. Bxe5 f6 16. Bc4+ Kh8 17. Bg3 Bf5 18. Qxe7 Rxe7 19. Rhe1 Rxe1 20. Rxe1 g5 21. Re7 b5 22. Bb3 Rd8 23. Rxa7 1-0

[Event "Balkan-ch U14 Girls"]
[Site "Tornelo INT"]
[Date "2020.11.01"]
[Round "7"]
[White "Zrmanovska, Mihaela"]
[Black "Paroglou, Marianna"]
[Result "0-1"]
[WhiteElo "1191"]
[BlackElo "1088"]
[PlyCount "108"]
[EventDate "2020.10.31"]
[EventType "swiss"]
[EventRounds "7"]
[EventCountry "NET"]
[SourceTitle "EXT 2023"]
[Source "ChessBase"]
[SourceDate "2022.10.05"]
[SourceVersion "1"]
[SourceVersionDate "2022.10.05"]
[SourceQuality "1"]

1. e4 e6 2. d4 d5 3. e5 c5 4. c3 Nc6 5. Nf3 Qb6 6. Bd3 cxd4 7. cxd4 Bd7 8. Bc2 Nb4 9. Bb3 Rc8 10. 0-0 Ne7 11. a3 Nbc6 12. Nc3 Nf5 13. Ne2 Be7 14. Bc2 0-0 15. b4 a5 16. Rb1 axb4 17. axb4 Nxb4 18. Bd2 Rc4 19. Bd3 Ba4 20. Qxa4 Nxd3 21. Qxc4 Qxb1 22. Qc7 Qb5 23. g4 Nh4 24. Nxh4 Bxh4 25. g5 Nb2 26. Nc3 Qd3 27. Be3 Nc4 28. Rd1 Qxc3 29. Rc1 Qd3 30. Re1 b5 31. Qc5 Nxe3 32. Rxe3 Qd2 33. Rf3 Qxg5+ 34. Kf1 Qg4 35. Qc3 Ra8 36. Rh3 Qf4 37. Rf3 Qg4 38. Ke2 h6 39. Qc6 Rf8 40. Qxb5 Qe4+ 41. Re3 Qxd4 42. Qb3 Qc4+ 43. Qxc4 dxc4 44. Re4 Bg5 45. Rxc4 Rd8 46. f4 Be7 47. Rc7 Bf8 48. Rc2 Rd4 49. Ke3 Ra4 50. Kf3 Ra6 51. Rc8 f6 52. exf6 gxf6 53. Rc5 Bxc5 54. Kg3 Kg7 0-1

[Event "GRE-ch South U14 Girls"]
[Site "Athens"]
[Date "2020.08.28"]
[Round "1"]
[White "Paroglou, Marianna"]
[Black "Papaioannou, Ioanna"]
[Result "1-0"]
[WhiteElo "1411"]
[BlackElo "1109"]
[PlyCount "61"]
[EventDate "2020.08.28"]
[EventType "swiss"]
[EventRounds "7"]
[EventCountry "GRE"]
[SourceTitle "EXT 2023"]
[Source "ChessBase"]
[SourceDate "2022.10.05"]
[SourceVersion "1"]
[SourceVersionDate "2022.10.05"]
[SourceQuality "1"]

1. e4 e5 2. Nf3 Nc6 3. Bc4 Bc5 4. 0-0 a6 5. a4 h6 6. Re1 Nf6 7. d4 exd4 8. e5 Nh7 9. Nbd2 0-0 10. Nb3 Ba7 11. Nbxd4 Nxd4 12. Nxd4 c5 13. Nf5 d5 14. Bd3 c4 15. Qg4 Bxf5 16. Bxf5 Ng5 17. h4 g6 18. hxg5 gxf5 19. Qxf5 hxg5 20. Bxg5 Qb6 21. Bf6 Qxf2+ 22. Qxf2 Bxf2+ 23. Kxf2 Kh7 24. Ra3 Kg6 25. Rf3 b5 26. a5 Rae8 27. g4 Re6 28. Rf5 Rxf6 29. Rxf6+ Kg5 30. Kg3 b4 31. Rh1 1-0

[Event "Attica-ch U08 Girls"]
[Site "Athens"]
[Date "2014.04.11"]
[Round "3.1"]
[White "Paroglou, Marianna"]
[Black "Kiousi, Panagiota"]
[Result "0-1"]
[WhiteElo "1000"]
[BlackElo "1005"]
[PlyCount "100"]
[EventDate "2014.04.11"]
[EventType "swiss"]
[EventRounds "7"]
[EventCountry "GRE"]
[SourceTitle "EXT 2024"]
[Source "ChessBase"]
[SourceDate "2023.10.10"]
[SourceVersion "1"]
[SourceVersionDate "2023.10.10"]
[SourceQuality "1"]

1. e4 e6 2. Nf3 Nc6 3. Bb5 Nge7 4. d3 a6 5. Bc4 d5 6. Bb3 dxe4 7. Ng5 Ng6 8. 0-0 Be7 9. Nxe4 0-0 10. Nbc3 Bd7 11. h3 Nd4 12. Qg4 e5 13. Qg3 Bb4 14. Bg5 Qc8 15. Nd5 Ne2+ 16. Kh1 Nxg3+ 17. Nxg3 Bc5 18. Be7 Bxe7 19. Nxe7+ Nxe7 20. Rfe1 Ng6 21. Re2 Nf4 22. Rxe5 Bxh3 23. Kg1 Nxg2 24. Bd5 c6 25. Bxg2 Bxg2 26. Kxg2 Qc7 27. Rae1 f6 28. Re7 Qd6 29. Nf5 Qd5+ 30. f3 Qxf5 31. Rxb7 Qg5+ 32. Kf2 Qd2+ 33. Re2 Qf4 34. Re4 Qh2+ 35. Kf1 Rfe8 36. Rxe8+ Rxe8 37. Rb4 Qd2 38. Re4 Qd1+ 39. Kf2 Qxc2+ 40. Kg3 Rxe4 41. dxe4 Kf7 42. Kf4 h5 43. Kg3 Kg6 44. f4 Qxe4 45. a3 h4+ 46. Kxh4 Qxf4+ 47. Kh3 Kf5 48. b4 Ke4 49. a4 Kf3 50. b5 Qg3# 0-1